[Event "POL-chT2"]
[Site "Poronin"]
[Date "2013.09.15"]
[Round "9.77"]
[White "Zawierucha, Aleksander"]
[Black "Wolski, Marcin"]
[Result "1-0"]
[WhiteElo "2008"]
[BlackElo "1915"]
[PlyCount "115"]
[EventDate "2013.09.06"]
[EventType "team-swiss"]
[EventRounds "9"]
[EventCountry "POL"]
[SourceTitle "EXT 2015"]
[Source "ChessBase"]
[SourceDate "2014.11.20"]
[SourceVersion "1"]
[SourceVersionDate "2014.11.20"]
[SourceQuality "1"]
[WhiteTeam "Czerwionka Leszczyny Skoczek"]
[BlackTeam "Strzelce Opolskie Strzelec"]
[WhiteTeamCountry "POL"]
[BlackTeamCountry "POL"]

1. d4 Nf6 2. c4 e6 3. Nc3 d5 4. cxd5 exd5 5. Bg5 Be7 6. e3 0-0 7. Bd3 c6 8. Qc2 Nbd7 9. Nge2 Re8 10. f3 Nf8 11. Bh4 Be6 12. 0-0 Rc8 13. Rac1 c5 14. dxc5 Bxc5 15. Nd4 a6 16. a4 Ng6 17. Bf2 Ne5 18. Rfd1 Nxd3 19. Qxd3 Qb6 20. Rd2 Bxd4 21. Qxd4 Qxd4 22. Rxd4 Rc4 23. Rcd1 Rxd4 24. Rxd4 h6 25. Rb4 Re7 26. Kf1 Rd7 27. a5 Rc7 28. Bg3 Rc5 29. Rxb7 Rxa5 30. Be5 Nd7 31. Bd4 Nc5 32. Rb8+ Kh7 33. Kf2 Nd7 34. Rd8 Kg6 35. Ne2 f6 36. Bc3 Ra4 37. Nd4 Kf7 38. f4 Nc5 39. f5 Bd7 40. Kf3 Ke7 41. Rg8 Kf7 42. Rb8 Nd3 43. Rb7 Ne5+ 44. Ke2 Kg8 45. Ra7 Ra2 46. Ne6 Bb5+ 47. Kf2 Ng4+ 48. Ke1 Nxe3 49. Rxg7+ Kh8 50. Bxf6 Ra1+ 51. Kf2 Nxf5 52. Rg6+ Ng7 53. Bxg7+ Kg8 54. Bxh6+ Kf7 55. Nf4 Rf1+ 56. Kg3 Rxf4 57. Rg7+ Kf6 58. Kxf4 1-0